[Event "2BLS 2324 SF Bad Mergentheim - SC Epping"]
[Site "?"]
[Date "2023.10.22"]
[Round "2.1"]
[White "Acs, Peter"]
[Black "Kazakouski, Valery"]
[Result "1-0"]
[WhiteElo "2567"]
[BlackElo "2564"]
[PlyCount "85"]
[EventDate "2023.??.??"]

1. e4 e5 2. Nf3 Nc6 3. Bc4 Nf6 4. d4 exd4 5. e5 d5 6. Bb5 Ne4 7. Nxd4 Bc5 8. Be3 O-O 9. Nxc6 bxc6 10. Bxc5 Nxc5 11. Bxc6 Rb8 12. Qxd5 Qe7 13. O-O Rxb2 14. Nc3 Rd8 15. Qf3 Qxe5 16. Nd5 Be6 17. Rad1 Rf8 18. Qa3 Rxc2 19. Rc1 Rxc1 20. Rxc1 Bxd5 21. Qxc5 Rd8 22. Rd1 Qe2 23. Qd4 Bxc6 24. Qxd8+ Be8 25. Qd2 Qb5 26. Re1 Bd7 27. Rc1 h6 28. Rxc7 Be6 29. a3 a5 30. h3 a4 31. Rc3 Qb1+ 32. Qc1 Qe4 33. Re3 Qf5 34. Qd1 Qa5 35. Re4 Qg5 36. h4 Qb5 37. Rxa4 Qb2 38. h5 Bf5 39. Rf4 Bc2 40. Qd2 Qa1+ 41. Kh2 Qe5 42. g4 f5 43. Qd4 1-0

[Event "2BLS 2324 SF Bad Mergentheim - SC Epping"]
[Site "?"]
[Date "2023.10.22"]
[Round "2.2"]
[White "Rakotomaharo, Fy Antenaina"]
[Black "Noe, Christopher"]
[Result "1/2-1/2"]
[WhiteElo "2454"]
[BlackElo "2532"]
[PlyCount "57"]
[EventDate "2023.??.??"]

1. d4 Nf6 2. Nf3 e6 3. Bg5 d5 4. e3 h6 5. Bh4 Be7 6. Nbd2 O-O 7. Bd3 c5 8. c3 Nbd7 9. O-O b6 10. a4 Bb7 11. Qb1 Qc7 12. Bg3 Bd6 13. b4 Bxg3 14. hxg3 a5 15. bxc5 bxc5 16. Bb5 Ba6 17. c4 cxd4 18. Nxd4 dxc4 19. Rc1 c3 20. Bxa6 Rxa6 21. Qd3 Qb7 22. Rxc3 Nd5 23. Rb1 Rb6 24. Rcc1 Rxb1 25. Rxb1 Nb4 26. Qb5 Qxb5 27. Nxb5 Nb6 28. Nb3 Nxa4 29. Nxa5 1/2-1/2

[Event "2BLS 2324 SF Bad Mergentheim - SC Epping"]
[Site "?"]
[Date "2023.10.22"]
[Round "2.3"]
[White "Medvegy, Zoltan"]
[Black "Ikonnikov, Vyacheslav"]
[Result "0-1"]
[WhiteElo "2511"]
[BlackElo "2459"]
[PlyCount "76"]
[EventDate "2023.??.??"]

1. e4 c5 2. Nf3 Nc6 3. d4 cxd4 4. Nxd4 e5 5. Nb5 d6 6. c4 Be7 7. N5c3 Nf6 8. Be2 Nd4 9. Be3 Nxe2 10. Qxe2 Be6 11. O-O O-O 12. Rd1 Qc7 13. b3 a6 14. Bg5 Ne8 15. Bxe7 Qxe7 16. Nd2 Rc8 17. a4 g6 18. Nf1 f5 19. exf5 gxf5 20. f4 Rc5 21. Ne3 Qg7 22. Ned5 Kh8 23. Ra2 Bg8 24. Rad2 exf4 25. Qf3 Nf6 26. Nxf4 Re5 27. Rxd6 Rfe8 28. Nd3 Re3 29. Qxf5 Ng4 30. Qf4 Qxc3 31. Qxg4 Re1+ 32. Kf2 Qc2+ 33. Kg3 R1e3+ 34. Kh4 R8e4 35. Nf4 Qf2+ 36. Kg5 Rxf4 37. Qxf4 Qxg2+ 38. Kf5 Rf3 0-1

[Event "2BLS 2324 SF Bad Mergentheim - SC Epping"]
[Site "?"]
[Date "2023.10.22"]
[Round "2.4"]
[White "Razafindratsima, Timothe"]
[Black "Guliyev, Namig"]
[Result "1/2-1/2"]
[WhiteElo "2459"]
[BlackElo "2531"]
[PlyCount "117"]
[EventDate "2023.??.??"]

1. e4 e5 2. Nf3 Nf6 3. Nxe5 d6 4. Nf3 Nxe4 5. Nc3 Nxc3 6. dxc3 Be7 7. Be3 O-O 8. Qd2 Nd7 9. O-O-O Nf6 10. Bd3 c5 11. Bg5 Qa5 12. Kb1 Be6 13. c4 Qxd2 14. Nxd2 h6 15. Bxf6 Bxf6 16. f4 d5 17. cxd5 Bxd5 18. Be4 Rad8 19. Bxd5 Rxd5 20. Ne4 Rfd8 21. Rxd5 Rxd5 22. Nxf6+ gxf6 23. Kc1 Rd4 24. g3 Kf8 25. Re1 h5 26. Re3 h4 27. Ra3 hxg3 28. hxg3 a6 29. Ra5 Rd5 30. b4 Ke7 31. c4 Rh5 32. b5 Rh1+ 33. Kb2 Rg1 34. bxa6 bxa6 35. Rxc5 Rxg3 36. Rd5 f5 37. c5 f6 38. a4 Rg4 39. Rd4 Rg3 40. a5 Rh3 41. Rd5 Rh4 42. Rd4 Rh3 43. Rd6 Rh4 44. Rxa6 Rxf4 45. Kc3 Rf1 46. Rb6 f4 47. Kc4 Ra1 48. Kd5 f3 49. Rb7+ Ke8 50. Rb2 Rxa5 51. Kd6 Ra3 52. c6 Rd3+ 53. Ke6 Kd8 54. Kxf6 Kc7 55. Kf5 Kxc6 56. Ke4 Rc3 57. Rf2 Kd6 58. Rxf3 Rxf3 59. Kxf3 1/2-1/2

[Event "2BLS 2324 SF Bad Mergentheim - SC Epping"]
[Site "?"]
[Date "2023.10.22"]
[Round "2.5"]
[White "Juhasz, Armin"]
[Black "Neuman, Petr"]
[Result "1/2-1/2"]
[WhiteElo "2388"]
[BlackElo "2384"]
[PlyCount "63"]
[EventDate "2023.??.??"]

1. d4 d5 2. c4 c6 3. cxd5 cxd5 4. Bf4 Nf6 5. e3 Nc6 6. Nc3 Bg4 7. Nf3 a6 8. h3 Bxf3 9. Qxf3 e6 10. Bd3 Bd6 11. Bg5 h6 12. Bxf6 Qxf6 13. Qxf6 gxf6 14. Rc1 Bb4 15. Ke2 Bxc3 16. Rxc3 Kd7 17. Rhc1 Rac8 18. g3 Ne7 19. Kf3 Rxc3 20. Rxc3 Nc8 21. Kg4 h5+ 22. Kf4 Nd6 23. Rc5 f5 24. h4 f6 25. Kf3 Nc8 26. Ke2 Ne7 27. Rc3 Nc6 28. Kd2 Kd6 29. Rb3 Kc7 30. Rc3 Kd6 31. Rb3 Kc7 32. Rc3 1/2-1/2

[Event "2BLS 2324 SF Bad Mergentheim - SC Epping"]
[Site "?"]
[Date "2023.10.22"]
[Round "2.6"]
[White "Msellek, Ilyass"]
[Black "Gibicar, Danijel"]
[Result "1/2-1/2"]
[WhiteElo "2411"]
[BlackElo "2284"]
[PlyCount "82"]
[EventDate "2023.??.??"]

1. e4 e6 2. d4 d5 3. e5 c5 4. c3 Nc6 5. Nf3 Nge7 6. Bd3 cxd4 7. cxd4 Nf5 8. Bxf5 exf5 9. Nc3 Be6 10. h4 Be7 11. Ne2 h6 12. Nf4 Qb6 13. Kf1 O-O-O 14. h5 Kb8 15. a3 Na5 16. b4 Nc4 17. Kg1 Rdg8 18. Nd3 Rc8 19. Nc5 Qd8 20. Ne1 Bxc5 21. bxc5 Rc7 22. Nd3 g5 23. hxg6 fxg6 24. Rb1 g5 25. f4 g4 26. g3 h5 27. Rh4 Na5 28. Bd2 Nc6 29. Qa4 Qd7 30. Ba5 Rcc8 31. Bb6 axb6 32. Nb4 Nxb4 33. Qxb4 Rc6 34. Kf2 Ka8 35. Ke3 Bf7 36. Qd2 Rhc8 37. Rb4 Be8 38. Rh1 Rh6 39. Rh4 Qe7 40. Qd3 Qe6 41. a4 Bc6 1/2-1/2

[Event "2BLS 2324 SF Bad Mergentheim - SC Epping"]
[Site "?"]
[Date "2023.10.22"]
[Round "2.7"]
[White "Cofmann, Veaceslav"]
[Black "Gasthofer, Alexander"]
[Result "1/2-1/2"]
[WhiteElo "2232"]
[BlackElo "2397"]
[PlyCount "57"]
[EventDate "2023.??.??"]

1. d4 d5 2. c4 c6 3. cxd5 cxd5 4. Nc3 Nf6 5. Nf3 Nc6 6. Bf4 Bf5 7. e3 e6 8. Bd3 Bxd3 9. Qxd3 Bd6 10. Bxd6 Qxd6 11. O-O O-O 12. Rac1 Rac8 13. Rfd1 Rfd8 14. h3 h6 15. Ne2 Ne4 16. Qb1 Rc7 17. Nf4 Rdc8 18. Nd3 Nb4 19. Nxb4 Qxb4 20. Rxc7 Rxc7 21. Rc1 Rc4 22. Ne5 Rxc1+ 23. Qxc1 Qd2 24. Qxd2 Nxd2 25. Nd3 Kf8 26. f3 Nc4 27. Kf2 Ke7 28. Ke2 Nd6 29. b3 1/2-1/2

[Event "2BLS 2324 SF Bad Mergentheim - SC Epping"]
[Site "?"]
[Date "2023.10.22"]
[Round "2.8"]
[White "Raps, Johannes"]
[Black "Bilchinski, Anton"]
[Result "1/2-1/2"]
[WhiteElo "2107"]
[BlackElo "2228"]
[PlyCount "64"]
[EventDate "2023.??.??"]

1. d4 Nf6 2. Nf3 e6 3. Bg5 d5 4. e3 h6 5. Bh4 Be7 6. Nbd2 Nbd7 7. Bd3 c5 8. c3 b6 9. O-O Bb7 10. Ne5 Nxe5 11. dxe5 Nd7 12. Bg3 h5 13. f4 c4 14. Bc2 g6 15. Nf3 Nc5 16. Nd4 a6 17. Be1 Qc7 18. Qe2 Ne4 19. Bxe4 dxe4 20. Rd1 h4 21. Qg4 O-O-O 22. Rf2 Bd5 23. Rfd2 Kb7 24. Rc2 Rdg8 25. Rf2 b5 26. Qe2 Rh7 27. Ra1 g5 28. Bd2 gxf4 29. exf4 e3 30. Bxe3 Rhg7 31. Nf3 Qc6 32. Ng5 f6 1/2-1/2

[Event "2BLS 2324 Heilbronner SV - OSG Baden-Bad"]
[Site "?"]
[Date "2023.10.22"]
[Round "2.1"]
[White "Gozzoli, Yannick"]
[Black "Baenziger, Fabian"]
[Result "1-0"]
[WhiteElo "2569"]
[BlackElo "2417"]
[PlyCount "41"]
[EventDate "2023.??.??"]

1. c4 e5 2. g3 Be7 3. Nc3 f5 4. d4 d6 5. Bh3 e4 6. f3 Nf6 7. Bg2 exf3 8. Nxf3 O-O 9. O-O c6 10. Nh4 Ng4 11. Qd3 Bxh4 12. gxh4 Qxh4 13. Bf4 Qd8 14. h3 Nf6 15. d5 cxd5 16. Nxd5 Ne4 17. Bxe4 fxe4 18. Qg3 Rf5 19. Bh6 g6 20. Rxf5 Bxf5 21. Qc3 1-0

[Event "2BLS 2324 Heilbronner SV - OSG Baden-Bad"]
[Site "?"]
[Date "2023.10.22"]
[Round "2.2"]
[White "Stijve, Theo"]
[Black "Dann, Matthias"]
[Result "0-1"]
[WhiteElo "2333"]
[BlackElo "2477"]
[PlyCount "68"]
[EventDate "2023.??.??"]

1. d4 Nf6 2. c4 e6 3. Nf3 d5 4. g3 dxc4 5. Bg2 a6 6. a4 Nc6 7. O-O Rb8 8. Qc2 b5 9. axb5 axb5 10. b3 Nb4 11. Qb2 Bb7 12. bxc4 bxc4 13. Na3 Bd5 14. Be3 Nc6 15. Qc1 Bxa3 16. Qxa3 Rb3 17. Qa4 O-O 18. Rfc1 Rb4 19. Qa3 Qb8 20. Nd2 Bxg2 21. Kxg2 Qb5 22. Nf3 Ne4 23. h4 h6 24. Bf4 c3 25. Qa6 Qd5 26. Bxc7 Nxd4 27. Qd3 Nb3 28. Rcb1 Rc8 29. Bf4 c2 30. Rb2 Qxd3 31. exd3 Nec5 32. Rc1 Nxc1 33. Rxb4 N5xd3 34. Bxc1 Nxb4 0-1

[Event "2BLS 2324 Heilbronner SV - OSG Baden-Bad"]
[Site "?"]
[Date "2023.10.22"]
[Round "2.3"]
[White "Martin, Julian"]
[Black "Fecker, Noah"]
[Result "1-0"]
[WhiteElo "2413"]
[BlackElo "2396"]
[PlyCount "73"]
[EventDate "2023.??.??"]

1. e4 c5 2. Nf3 e6 3. d4 cxd4 4. Nxd4 Nc6 5. Nc3 Qc7 6. Qd3 Nf6 7. Ndb5 Qb8 8. f4 a6 9. Nd4 d6 10. Be2 Be7 11. Be3 O-O 12. O-O-O Bd7 13. Bf3 Rc8 14. g4 b5 15. g5 Ne8 16. Nxc6 Bxc6 17. Ne2 b4 18. Nd4 Bb7 19. h4 a5 20. Kb1 a4 21. h5 Ba6 22. Qd2 b3 23. cxb3 axb3 24. a3 Bc4 25. g6 fxg6 26. hxg6 h6 27. e5 dxe5 28. Nc6 Qc7 29. fxe5 Bf8 30. Rc1 Ra4 31. Bg5 Qb6 32. Rxc4 Rxc4 33. Qd7 Nd6 34. exd6 R4xc6 35. Qf7+ Kh8 36. Rxh6+ gxh6 37. Qh7# 1-0

[Event "2BLS 2324 Heilbronner SV - OSG Baden-Bad"]
[Site "?"]
[Date "2023.10.22"]
[Round "2.4"]
[White "Zuferi, Enis"]
[Black "Schmider, Niklas"]
[Result "0-1"]
[WhiteElo "2375"]
[BlackElo "2395"]
[PlyCount "60"]
[EventDate "2023.??.??"]

1. d4 d5 2. c4 dxc4 3. e4 e5 4. Nf3 exd4 5. Bxc4 Nc6 6. O-O Be6 7. Nbd2 Qf6 8. Qa4 Bd7 9. e5 Nxe5 10. Bb5 Nxf3+ 11. Nxf3 c6 12. Re1+ Be7 13. Bg5 Qd6 14. Bf1 a6 15. Rad1 c5 16. Qa3 Be6 17. b4 Nf6 18. Bb5+ Kf8 19. Bf1 b6 20. bxc5 bxc5 21. Ne5 Rc8 22. Bf4 Qd8 23. Bc4 Nd5 24. Bd2 Qd6 25. Rb1 Bf6 26. Nd3 Nc3 27. Bf4 Qc6 28. Nxc5 Be7 29. Nxe6+ fxe6 30. Bxe6 Bxa3 0-1

[Event "2BLS 2324 Heilbronner SV - OSG Baden-Bad"]
[Site "?"]
[Date "2023.10.22"]
[Round "2.5"]
[White "Hagner, Bennet"]
[Black "Wenninger, Philipp"]
[Result "0-1"]
[WhiteElo "2307"]
[BlackElo "2374"]
[PlyCount "52"]
[EventDate "2023.??.??"]

1. e4 c6 2. d4 d5 3. exd5 cxd5 4. c4 Nf6 5. Nc3 Nc6 6. Nf3 Bg4 7. Be3 e6 8. c5 Be7 9. Bb5 O-O 10. h3 Bh5 11. g4 Bg6 12. Bxc6 bxc6 13. Ne5 Qc7 14. Bf4 Qb7 15. Qb3 Qa6 16. O-O-O Ne4 17. Nxe4 Bxe4 18. f3 Bg6 19. h4 h6 20. a3 Bh7 21. h5 Rfb8 22. Qe3 Qa4 23. Rh2 Rb3 24. Qe2 Bxc5 25. Nxf7 Kxf7 26. Re1 Re8 0-1

[Event "2BLS 2324 Heilbronner SV - OSG Baden-Bad"]
[Site "?"]
[Date "2023.10.22"]
[Round "2.6"]
[White "Degenhard, Simon"]
[Black "Bellahcene, Bilel"]
[Result "0-1"]
[WhiteElo "2207"]
[BlackElo "2520"]
[PlyCount "93"]
[EventDate "2023.??.??"]

1. e4 c5 2. Nf3 Nc6 3. d4 cxd4 4. Nxd4 e5 5. Nb5 d6 6. c4 Nf6 7. N1c3 a6 8. Na3 Be7 9. Nc2 O-O 10. Be2 Be6 11. Be3 Rc8 12. O-O Nb8 13. Na3 Nbd7 14. Rc1 Nc5 15. f3 Ne8 16. Qd2 h6 17. g3 f5 18. b4 f4 19. gxf4 exf4 20. Bxf4 Rxf4 21. Qxf4 Bg5 22. Qg3 Bxc1 23. Rxc1 Qb6 24. bxc5 Qxc5+ 25. Kg2 Qxa3 26. Qe1 Qa5 27. Nd5 Qd8 28. Qd2 Rc5 29. Rb1 Bxd5 30. exd5 Rc7 31. Bd3 Nf6 32. Re1 Nd7 33. f4 Nf8 34. Qe3 Rf7 35. Kg3 Qf6 36. Qe4 g5 37. f5 Kg7 38. Qe8 Qc3 39. Qe4 Nd7 40. f6+ Qxf6 41. Qe3 Qf4+ 42. Qxf4 gxf4+ 43. Kf2 Ne5 44. Rg1+ Kf6 45. Be2 Kf5 46. Bh5 Rc7 47. Be2 0-1

[Event "2BLS 2324 Heilbronner SV - OSG Baden-Bad"]
[Site "?"]
[Date "2023.10.22"]
[Round "2.7"]
[White "Trifan, Andrei Ioan"]
[Black "Pogan, Nikolas"]
[Result "1-0"]
[WhiteElo "2302"]
[BlackElo "2207"]
[PlyCount "91"]
[EventDate "2023.??.??"]

1. Nf3 Nf6 2. c4 c6 3. Nc3 d5 4. e3 g6 5. d4 Bg7 6. Be2 O-O 7. O-O a6 8. a4 b6 9. Ne5 Bb7 10. Qb3 e6 11. Rd1 Qc7 12. Bf3 Nbd7 13. Nxd7 Nxd7 14. g3 Rac8 15. Bg2 dxc4 16. Qxc4 c5 17. d5 Ne5 18. Qe2 exd5 19. Nxd5 Bxd5 20. Bxd5 c4 21. Bd2 Nd3 22. Bc3 Bxc3 23. bxc3 b5 24. axb5 axb5 25. Rab1 Rb8 26. Be4 Nc5 27. Bc2 Rfd8 28. e4 Rxd1+ 29. Qxd1 Qe5 30. Qd2 Nxe4 31. Qe3 f5 32. Re1 Rd8 33. Qb6 Rb8 34. Qa7 Rd8 35. Qb6 Rd6 36. Qb8+ Kg7 37. Qb7+ Kh6 38. Bxe4 fxe4 39. Rxe4 Rd1+ 40. Kg2 Qd5 41. Qe7 Qa8 42. g4 Rd7 43. g5+ Kh5 44. Qe6 Kxg5 45. Qg4+ Kh6 46. Qh3+ 1-0

[Event "2BLS 2324 Heilbronner SV - OSG Baden-Bad"]
[Site "?"]
[Date "2023.10.22"]
[Round "2.8"]
[White "Huber, Philipp"]
[Black "Riff, Jean-Noel"]
[Result "1/2-1/2"]
[WhiteElo "2270"]
[BlackElo "2399"]
[PlyCount "95"]
[EventDate "2023.??.??"]

1. d4 d5 2. Nc3 c6 3. Bf4 Bf5 4. f3 e6 5. e4 Bg6 6. exd5 exd5 7. Qe2+ Qe7 8. O-O-O Qxe2 9. Ngxe2 Nd7 10. h4 h6 11. Bc7 Rc8 12. Bg3 Ngf6 13. Nf4 Bh7 14. Bd3 Bxd3 15. Rxd3 Kd8 16. Re1 Bb4 17. Rde3 Re8 18. Rxe8+ Nxe8 19. Nd3 Be7 20. h5 Nef6 21. Bh4 Ng8 22. Bf2 Ke8 23. Nd1 Kf8 24. Ne3 Re8 25. Bg3 Ngf6 26. Nf5 Bd8 27. Bd6+ Kg8 28. Rh1 Re6 29. g4 Ne8 30. Bg3 Bc7 31. Nf4 Bxf4+ 32. Bxf4 Nb6 33. b3 Nc8 34. Kd2 Ned6 35. Ne3 Rf6 36. Be5 Re6 37. Kd3 f6 38. Bf4 Re7 39. c4 dxc4+ 40. bxc4 Rd7 41. a4 Nf7 42. Nf5 Nd8 43. Re1 Kf7 44. a5 Ne6 45. Bxh6 gxh6 46. Nxh6+ Ke7 47. Nf5+ Kf7 48. Nh6+ 1/2-1/2

[Event "2BLS 2324 SV 1947 Walldorf - SC Viernhei"]
[Site "?"]
[Date "2023.10.20"]
[Round "8.1"]
[White "Buhmann, Rainer"]
[Black "Aczel, Gergely"]
[Result "1/2-1/2"]
[WhiteElo "2563"]
[BlackElo "2477"]
[PlyCount "112"]
[EventDate "2023.??.??"]

1. d4 Nf6 2. Nf3 d5 3. c4 e6 4. e3 Be7 5. b3 O-O 6. Bd3 c5 7. O-O cxd4 8. exd4 b6 9. Bb2 Bb7 10. Nbd2 Nbd7 11. Qe2 Rc8 12. Rfd1 Re8 13. Rac1 Nf8 14. Ne5 Bd6 15. f4 Qe7 16. Ndf3 Ne4 17. g3 f6 18. Ng4 Ba3 19. Bxa3 Qxa3 20. Bxe4 dxe4 21. Nh4 Rcd8 22. Rc2 Kh8 23. h3 a5 24. Kh2 a4 25. Rb2 axb3 26. Rxb3 Qa6 27. Ne3 Rd7 28. Qb2 Ra8 29. Rd2 Rd6 30. f5 Bc8 31. fxe6 Bxe6 32. d5 Bd7 33. Rf2 Ng6 34. Nxg6+ hxg6 35. Qd4 f5 36. Rfb2 Qa5 37. Ng2 Kh7 38. Rxb6 Rxb6 39. Rxb6 Qxa2 40. Rb7 Qa4 41. Qe5 Ra7 42. Rxa7 Qxa7 43. Qe7 Qa4 44. Qd8 Be8 45. h4 Bd7 46. Qe7 Be8 47. Qf8 Bd7 48. Qd8 Be8 49. c5 Bb5 50. h5 gxh5 51. Qg5 g6 52. Qe7+ Kh6 53. Qf8+ Kg5 54. Qd8+ Kh6 55. Qh8+ Kg5 56. Qd8+ Kh6 1/2-1/2

[Event "2BLS 2324 SV 1947 Walldorf - SC Viernhei"]
[Site "?"]
[Date "2023.10.20"]
[Round "8.2"]
[White "Gschnitzer, Adrian"]
[Black "Wagner, Dinara"]
[Result "0-1"]
[WhiteElo "2402"]
[BlackElo "2461"]
[PlyCount "68"]
[EventDate "2023.??.??"]

1. e4 c5 2. Nf3 d6 3. d4 cxd4 4. Nxd4 Nf6 5. Nc3 a6 6. Bg5 e6 7. f4 Nbd7 8. Qf3 h6 9. Bh4 e5 10. Nf5 exf4 11. Nd5 g5 12. Qc3 Nxd5 13. Qxh8 Qf6 14. Qxf6 N5xf6 15. Bf2 Nxe4 16. Bd3 d5 17. Bxe4 dxe4 18. O-O-O e3 19. Be1 Nf6 20. Nd6+ Bxd6 21. Rxd6 Be6 22. h4 Rd8 23. Rxd8+ Kxd8 24. Bc3 Ng4 25. Rd1+ Kc7 26. Rd4 b6 27. Kd1 Kc6 28. Ke1 Nh2 29. hxg5 hxg5 30. Ke2 Bd5 31. g3 fxg3 32. Kxe3 f5 33. Rd1 f4+ 34. Kd4 f3 0-1

[Event "2BLS 2324 SV 1947 Walldorf - SC Viernhei"]
[Site "?"]
[Date "2023.10.20"]
[Round "8.3"]
[White "Zaragatski, Ilja"]
[Black "Muckle, Julius"]
[Result "1/2-1/2"]
[WhiteElo "2456"]
[BlackElo "2402"]
[PlyCount "61"]
[EventDate "2023.??.??"]

1. d4 d5 2. Nf3 Nf6 3. c4 c6 4. e3 Bf5 5. Nc3 e6 6. Nh4 Be4 7. f3 Bg6 8. Qb3 Qc7 9. cxd5 cxd5 10. Bd2 Nc6 11. O-O-O Be7 12. Nxg6 hxg6 13. Kb1 Nd7 14. Rc1 Nb6 15. Bd3 O-O 16. Ne2 a5 17. a3 a4 18. Qd1 Qd6 19. h4 Nc4 20. Bxc4 dxc4 21. h5 e5 22. Bc3 exd4 23. Nxd4 Nxd4 24. Qxd4 Qxd4 25. Bxd4 b5 26. hxg6 fxg6 27. Rhd1 Rfd8 28. Kc2 Kf7 29. Bc3 Bc5 30. e4 g5 31. Rxd8 1/2-1/2

[Event "2BLS 2324 SV 1947 Walldorf - SC Viernhei"]
[Site "?"]
[Date "2023.10.20"]
[Round "8.4"]
[White "Faerber, David"]
[Black "Tarlev, Konstantin"]
[Result "1/2-1/2"]
[WhiteElo "2375"]
[BlackElo "2589"]
[PlyCount "51"]
[EventDate "2023.??.??"]

1. e4 c5 2. Nf3 e6 3. c3 d5 4. exd5 Qxd5 5. d4 Nf6 6. Na3 Nc6 7. Be3 cxd4 8. Nb5 Qd8 9. Nbxd4 Nd5 10. Nxc6 bxc6 11. Bd2 Qb6 12. c4 Nf6 13. Bd3 Bb4 14. O-O Bxd2 15. Qxd2 c5 16. a3 Bb7 17. Ne5 a5 18. b4 axb4 19. axb4 cxb4 20. Rxa8+ Bxa8 21. Rb1 O-O 22. Qxb4 Qc7 23. Re1 Rb8 24. Qd2 Qc5 25. Qe3 Qxe3 26. Rxe3 1/2-1/2

[Event "2BLS 2324 SV 1947 Walldorf - SC Viernhei"]
[Site "?"]
[Date "2023.10.20"]
[Round "8.5"]
[White "Abergel, Thal"]
[Black "Vonthron, Horst"]
[Result "1-0"]
[WhiteElo "2390"]
[BlackElo "2356"]
[PlyCount "68"]
[EventDate "2023.??.??"]

1. c4 e5 2. d3 Nf6 3. Nf3 Bb4+ 4. Bd2 Bxd2+ 5. Qxd2 d6 6. g3 b6 7. Bg2 Bb7 8. O-O O-O 9. Nc3 Nbd7 10. b4 a5 11. a3 Re8 12. e4 Nf8 13. Bh3 Ne6 14. Ne2 h6 15. Nh4 c6 16. f4 exf4 17. Nxf4 Nxf4 18. Qxf4 axb4 19. axb4 Rxa1 20. Rxa1 g5 21. Qd2 gxh4 22. Qxh6 Re5 23. Rf1 Rh5 24. Qxf6 Qxf6 25. Rxf6 hxg3 26. Bg2 gxh2+ 27. Kh1 b5 28. Rxd6 bxc4 29. dxc4 Kg7 30. Rd7 Ba6 31. Bf1 Rh4 32. Ra7 Bxc4 33. Bxc4 Rxe4 34. Rxf7+ Kh8 1-0

[Event "2BLS 2324 SV 1947 Walldorf - SC Viernhei"]
[Site "?"]
[Date "2023.10.20"]
[Round "8.6"]
[White "Gschnitzer, Oswald"]
[Black "Dobrikov, Marco"]
[Result "1-0"]
[WhiteElo "2343"]
[BlackElo "2252"]
[PlyCount "115"]
[EventDate "2023.??.??"]

1. Nf3 c5 2. c4 Nc6 3. Nc3 Nf6 4. g3 e6 5. Bg2 Be7 6. d4 cxd4 7. Nxd4 O-O 8. O-O d5 9. cxd5 exd5 10. Be3 Be6 11. Rc1 Rc8 12. Qa4 Na5 13. Nxe6 fxe6 14. Bh3 Kf7 15. Nb5 Nc6 16. Nxa7 Ra8 17. Nxc6 Rxa4 18. Nxd8+ Rxd8 19. a3 Bd6 20. Bb6 Rda8 21. Rc2 R8a6 22. Bc5 Ke7 23. Rfc1 Rc6 24. e3 Ne4 25. Bxd6+ Kxd6 26. Bf1 Ra5 27. Bd3 Nf6 28. f4 h6 29. h3 Ra8 30. Kf2 Rb6 31. Kf3 Rb3 32. Rd1 Re8 33. Bc4 Rb6 34. Bd3 Rb3 35. Ke2 Re7 36. Bg6 e5 37. Rd3 Rb6 38. b4 Rc6 39. Rxc6+ bxc6 40. a4 Ra7 41. fxe5+ Kxe5 42. a5 c5 43. bxc5 Rxa5 44. Rc3 d4 45. Rc4 Ra2+ 46. Kf3 dxe3 47. c6 Nd5 48. c7 Rf2+ 49. Kg4 Nxc7 50. Rxc7 e2 51. Bd3 Kf6 52. Rc6+ Ke7 53. Rc1 Kf6 54. Re1 h5+ 55. Kxh5 Rf3 56. Bxe2 Rxg3 57. Rf1+ Ke7 58. Bg4 1-0

[Event "2BLS 2324 SV 1947 Walldorf - SC Viernhei"]
[Site "?"]
[Date "2023.10.20"]
[Round "8.7"]
[White "Meinhardt, Maximilian"]
[Black "Fichter, Fabian"]
[Result "1/2-1/2"]
[WhiteElo "2367"]
[BlackElo "2277"]
[PlyCount "44"]
[EventDate "2023.??.??"]

1. e4 c6 2. Nc3 d5 3. Nf3 Bg4 4. h3 Bxf3 5. Qxf3 e6 6. d4 Nf6 7. Bd3 dxe4 8. Nxe4 Qxd4 9. c3 Qd8 10. Bf4 Nbd7 11. O-O-O Qa5 12. Kb1 Be7 13. Nd6+ Bxd6 14. Bxd6 Ne5 15. b4 Nxf3 16. bxa5 Nh4 17. a6 O-O-O 18. axb7+ Kxb7 19. Bh2 Nd7 20. Bd6 Nf6 21. Bh2 Nd7 22. Bd6 Nf6 1/2-1/2

[Event "2BLS 2324 SV 1947 Walldorf - SC Viernhei"]
[Site "?"]
[Date "2023.10.20"]
[Round "8.8"]
[White "Schlegel, Igor"]
[Black "Lanka, Zigurds"]
[Result "0-1"]
[WhiteElo "2254"]
[BlackElo "2368"]
[PlyCount "100"]
[EventDate "2023.??.??"]

1. e4 c5 2. Nf3 e6 3. d4 cxd4 4. Nxd4 a6 5. Nc3 Qc7 6. Bd3 Nf6 7. O-O Bc5 8. Nb3 Be7 9. Qe2 d6 10. Bd2 Nbd7 11. f4 b5 12. Kh1 b4 13. Nd1 d5 14. e5 Ne4 15. Bxe4 dxe4 16. Qxe4 Bb7 17. Qd3 Rd8 18. Qg3 g6 19. Rc1 h5 20. Qe1 h4 21. h3 Nc5 22. Bxb4 Nxb3 23. axb3 Bxg2+ 24. Kxg2 Qb7+ 25. Kh2 Bxb4 26. Nc3 O-O 27. Rd1 Rxd1 28. Qxd1 Rc8 29. Qd4 a5 30. f5 exf5 31. Qxh4 Bxc3 32. bxc3 Qc7 33. Qf4 Qxc3 34. Rf2 a4 35. bxa4 Rc4 36. Qg3 Qxg3+ 37. Kxg3 Rxa4 38. Re2 Ra3+ 39. Kh4 Kg7 40. Rg2 Re3 41. Rg3 Re4+ 42. Kg5 Rxe5 43. Rc3 Re4 44. Rc7 Re3 45. Kh4 Kh6 46. Rc6 Rf3 47. c3 Re3 48. c4 Rd3 49. Rf6 Kg7 50. Rc6 f6 0-1

[Event "2BLS 2324 SC Eppingen - TSV Schott Mainz"]
[Site "?"]
[Date "2023.12.02"]
[Round "3.1"]
[White "Lobron, Eric"]
[Black "Acs, Peter"]
[Result "0-1"]
[WhiteElo "2484"]
[BlackElo "2568"]
[PlyCount "76"]
[EventDate "2023.??.??"]

1. e4 c5 2. Nf3 d6 3. d4 cxd4 4. Nxd4 Nf6 5. Nc3 Nc6 6. Bg5 e6 7. Qd2 a6 8. O-O-O Bd7 9. Kb1 Be7 10. Nb3 Qc7 11. h4 h6 12. Bxf6 gxf6 13. Rh3 Ne5 14. f4 Nc4 15. Bxc4 Qxc4 16. Rd3 Qc7 17. a3 h5 18. f5 Qb6 19. Ne2 Qf2 20. Na5 Bb5 21. c4 Bc6 22. Nxc6 bxc6 23. fxe6 fxe6 24. Rxd6 Kf7 25. Rd7 Rad8 26. Qb4 Rhe8 27. Nc3 Rxd7 28. Rxd7 Qxh4 29. Qa5 Qg4 30. Ka2 h4 31. Rd2 Qg5 32. Qxg5 fxg5 33. b4 Rd8 34. Rf2+ Kg6 35. Kb3 Bf6 36. Na4 Rd3+ 37. Ka2 Bd4 38. Nc5 Rg3 0-1

[Event "2BLS 2324 SC Eppingen - TSV Schott Mainz"]
[Site "?"]
[Date "2023.12.02"]
[Round "3.2"]
[White "Noe, Christopher"]
[Black "Frischmann, Rick"]
[Result "1-0"]
[WhiteElo "2528"]
[BlackElo "2389"]
[PlyCount "67"]
[EventDate "2023.??.??"]

1. d4 d5 2. c4 Nc6 3. Nc3 Nf6 4. Bg5 dxc4 5. e3 h6 6. Bxf6 exf6 7. Bxc4 Bd6 8. Nf3 a6 9. O-O O-O 10. Rc1 f5 11. g3 Qe8 12. Re1 Ne7 13. Bb3 Kh8 14. a3 b5 15. e4 fxe4 16. Nxe4 Ra7 17. Ne5 Bb7 18. Qh5 Bxe5 19. Qxe5 Nc6 20. Qc5 Qa8 21. d5 Ne5 22. Re3 Rd8 23. Nc3 f6 24. f4 Nd7 25. Qe7 c5 26. Rce1 Nb6 27. Qxd8+ Qxd8 28. Re8+ Qxe8 29. Rxe8+ Kh7 30. Bc2+ g6 31. Re7+ Kh8 32. d6 b4 33. Na4 Nc4 34. d7 1-0

[Event "2BLS 2324 SC Eppingen - TSV Schott Mainz"]
[Site "?"]
[Date "2023.12.02"]
[Round "3.3"]
[White "Cicak, Slavko"]
[Black "Hacker, Jonas"]
[Result "1/2-1/2"]
[WhiteElo "2487"]
[BlackElo "2422"]
[PlyCount "74"]
[EventDate "2023.??.??"]

1. c4 e6 2. Nf3 Nf6 3. b3 d5 4. Bb2 c5 5. cxd5 exd5 6. g3 Nc6 7. Bg2 d4 8. O-O Be7 9. e3 O-O 10. Na3 Bg4 11. h3 Bh5 12. Nc2 dxe3 13. Nxe3 Ne4 14. g4 Bg6 15. d4 Bf6 16. Nc2 Nd6 17. Ne5 Bxc2 18. Qxc2 Nxd4 19. Qxc5 Ne2+ 20. Kh1 Qb6 21. Qxb6 axb6 22. Rfd1 Rfd8 23. Rd2 Nf4 24. Rad1 Rxa2 25. Nc4 Bxb2 26. Nxb2 Re8 27. Na4 Re1+ 28. Kh2 Rxd1 29. Rxa2 g5 30. Nxb6 Rd3 31. Ra8+ Kg7 32. Rd8 Ne6 33. Rd7 Nf8 34. Rd8 Ne6 35. Rd7 Nf8 36. Rd8 Ne6 37. Rd7 Nf8 1/2-1/2

[Event "2BLS 2324 SC Eppingen - TSV Schott Mainz"]
[Site "?"]
[Date "2023.12.02"]
[Round "3.4"]
[White "Medvegy, Zoltan"]
[Black "Barzen, Pascal"]
[Result "1-0"]
[WhiteElo "2501"]
[BlackElo "2254"]
[PlyCount "83"]
[EventDate "2023.??.??"]

1. Nf3 Nf6 2. c4 e6 3. Nc3 d5 4. e3 Be7 5. b3 O-O 6. Bb2 b6 7. cxd5 exd5 8. d4 Bg4 9. Be2 Bd6 10. O-O c6 11. h3 Bh5 12. Ne5 Bxe2 13. Nxe2 Nfd7 14. Rc1 Bxe5 15. dxe5 Qe7 16. f4 f6 17. Nd4 fxe5 18. Nxc6 Nxc6 19. Qxd5+ Kh8 20. Rxc6 exf4 21. exf4 Nc5 22. Qe5 Rf7 23. Qxe7 Rxe7 24. Ba3 Re2 25. Bxc5 bxc5 26. Rf2 Re1+ 27. Kh2 Rc1 28. Re2 Rf1 29. Re7 a5 30. Rxc5 h6 31. Rcc7 Rg8 32. Kg3 Ra1 33. Re2 Ra8 34. f5 Rf1 35. Rf2 Rxf2 36. Kxf2 a4 37. b4 a3 38. Rc3 Rb8 39. Rb3 Rc8 40. Rxa3 Rc2+ 41. Kf3 Rb2 42. Rb3 1-0